header

The Zaza Kurds of Turkey (Record no. 114392)

MARC details
000 -LEADER
fixed length control field 01358nam a2200337 a 4500
100 1# - MAIN ENTRY--AUTHOR NAME
Personal name Kaya, Mehmed S.
245 14 - TITLE STATEMENT
Title The Zaza Kurds of Turkey
260 ## - PUBLICATION, DISTRIBUTION, ETC. (IMPRINT)
Place of publication London :
Name of publisher I.B. Tauris,
Year of publication 2011.
300 ## - PHYSICAL DESCRIPTION
Number of Pages xii, 223 p. :
Other physical details ill., maps.
490 1# - SERIES STATEMENT
Series statement Library of modern Middle East studies ;
650 #0 - SUBJECT ADDED ENTRY--TOPICAL TERM
Topical Term Zazas (Iranian people)
Topical Term Kurds
Topical Term Kurds
856 40 - ELECTRONIC LOCATION AND ACCESS
Uniform Resource Identifier http://site.ebrary.com/lib/rucke/Doc?id=10504510

No items available.

© 2026 Rongo University
Contact us: librarian | system librarian | Rongo university